000 00744nam a22002297a 4500
003 UA-OsUOA
001 105126
007 ta
008 20140211b un ||||| |||| 00| 0 ukr d
100 _aАзаренкова Г.М.
700 _aІванова М.В.
090 _a330(477)
_bА35
942 _cSA
040 _aUA-OsUOA
_bukr
_cUA-OsUOA
_dUA-OsUOA
245 _aВплив показників економічного розвитку на фінансові потоки ринку корпоративних облігацій
300 _aС.65-75
955 _a0
041 _aukr
080 _a330(477)
773 0 _w105121
_tФінанси України
_dК.
_d2013
_g10
650 7 _a330 Економіка взагалі
_2UDC
999 _c391272
_d391272